<?xml version="1.0" encoding="UTF-8"?>
<record
    xmlns:xsi="http://www.w3.org/2001/XMLSchema-instance"
    xsi:schemaLocation="http://www.loc.gov/MARC21/slim http://www.loc.gov/standards/marcxml/schema/MARC21slim.xsd"
    xmlns="http://www.loc.gov/MARC21/slim">

  <leader>02445nam a2200397 i 4500</leader>
  <controlfield tag="001">000048544</controlfield>
  <controlfield tag="003">DO-SdBNP</controlfield>
  <controlfield tag="005">20250717150422.0</controlfield>
  <controlfield tag="007">ta</controlfield>
  <controlfield tag="008">190329s2017    dr abo        001 m spa d</controlfield>
  <datafield tag="020" ind1=" " ind2=" ">
    <subfield code="a">9789945073058</subfield>
  </datafield>
  <datafield tag="040" ind1=" " ind2=" ">
    <subfield code="a">DO-SdBNP</subfield>
    <subfield code="b">spa</subfield>
    <subfield code="c">BNPHU</subfield>
    <subfield code="e">rda</subfield>
  </datafield>
  <datafield tag="041" ind1=" " ind2=" ">
    <subfield code="a">spa</subfield>
  </datafield>
  <datafield tag="082" ind1=" " ind2="4">
    <subfield code="a"> 370.114</subfield>
    <subfield code="b">E48m</subfield>
    <subfield code="2">22</subfield>
  </datafield>
  <datafield tag="100" ind1="1" ind2=" ">
    <subfield code="a">Elm&#xFA;desi Espaillat, Leonor</subfield>
    <subfield code="e">autor</subfield>
    <subfield code="4">aut.</subfield>
    <subfield code="9">76009</subfield>
  </datafield>
  <datafield tag="245" ind1="1" ind2="3">
    <subfield code="a">El milagro de Consuelo :</subfield>
    <subfield code="b">una historia de valor para la eduaci&#xF3;n dominicana /</subfield>
    <subfield code="c">Leonor Elm&#xFA;desi Espaillat ; pr&#xF3;logo Juan Tom&#xE1;s Tavares.</subfield>
  </datafield>
  <datafield tag="264" ind1=" " ind2=" ">
    <subfield code="a">Santo Domingo, Rep&#xFA;blica Dominicana :  </subfield>
    <subfield code="b">EDUCA, </subfield>
    <subfield code="c">2017.</subfield>
  </datafield>
  <datafield tag="300" ind1=" " ind2=" ">
    <subfield code="a">2 volumen :</subfield>
    <subfield code="b">ilustraciones, fotograf&#xED;as, mapas ;</subfield>
    <subfield code="c">25 cm.</subfield>
  </datafield>
  <datafield tag="336" ind1=" " ind2=" ">
    <subfield code="a">texto</subfield>
    <subfield code="b">txt</subfield>
    <subfield code="2">rdacontent </subfield>
  </datafield>
  <datafield tag="337" ind1=" " ind2=" ">
    <subfield code="a">sin mediaci&#xF3;n</subfield>
    <subfield code="b">n</subfield>
    <subfield code="2">rdamedia </subfield>
  </datafield>
  <datafield tag="338" ind1=" " ind2=" ">
    <subfield code="a">volumen</subfield>
    <subfield code="b">nc</subfield>
    <subfield code="2">rdacarrier </subfield>
  </datafield>
  <datafield tag="500" ind1=" " ind2=" ">
    <subfield code="a">Incluye datos biogr&#xE1;ficos de la autora en las solapas</subfield>
  </datafield>
  <datafield tag="500" ind1=" " ind2=" ">
    <subfield code="a">Adaptaci&#xF3;n de la tesis del autor (doctoral--Universidad de Murcia, 2015) presentada originalmente bajo el t&#xED;tulo: Valores y desarrollo educativo; estudio de caso del municipio de Consuelo, San Pedro de Macor&#xED;s, Rep&#xFA;blica Dominicana (1959-2012)</subfield>
  </datafield>
  <datafield tag="500" ind1=" " ind2=" ">
    <subfield code="a"> Incluye ap&#xE9;ndices metodol&#xF3;gicos (p&#xE1;ginas 299-309)</subfield>
  </datafield>
  <datafield tag="504" ind1=" " ind2=" ">
    <subfield code="a">Bibliograf&#xED;a: p&#xE1;ginas 281-290</subfield>
  </datafield>
  <datafield tag="505" ind1="0" ind2=" ">
    <subfield code="g">v.1 .</subfield>
    <subfield code="t">Texto --</subfield>
    <subfield code="t">Presentaci&#xF3;n -- </subfield>
    <subfield code="t">Pr&#xF3;logo, 21 --</subfield>
    <subfield code="t">Introducci&#xF3;n, 27 --</subfield>
    <subfield code="t">La educaci&#xF3;n en valores: una aproximaci&#xF3;n conceptual, 37 --</subfield>
    <subfield code="t">La formaci&#xF3;n en valores y la educaci&#xF3;n para la ciudadan&#xED;a, 61 --</subfield>
    <subfield code="t">La educaci&#xF3;n en valores en la Rep&#xFA;blica Dominicana, 91 --</subfield>
    <subfield code="t">El Municipio de Consuelo, 109 --</subfield>
    <subfield code="t">Planteamiento y metodolog&#xED;a de la investigaci&#xF3;n, 123 --</subfield>
    <subfield code="t">Resultados y discusi&#xF3;n 135--.</subfield>
    <subfield code="t"> Memoria fotogr&#xE1;fica: Consuelo en el tiempo, 291 --</subfield>
    <subfield code="t">Anexos: material de investigaci&#xF3;n, 197 --</subfield>
    <subfield code="g">v.2.</subfield>
    <subfield code="t"> Separata</subfield>
  </datafield>
  <datafield tag="590" ind1=" " ind2=" ">
    <subfield code="a">Inventariado, 2019/LP</subfield>
  </datafield>
  <datafield tag="650" ind1=" " ind2="7">
    <subfield code="a">Educaci&#xF3;n moral</subfield>
    <subfield code="z">Rep&#xFA;blica Dominicana</subfield>
    <subfield code="z"> Consuelo (San Pedro de Macor&#xED;s)</subfield>
    <subfield code="x">Historia</subfield>
    <subfield code="2">LEMB</subfield>
    <subfield code="9">88380</subfield>
  </datafield>
  <datafield tag="650" ind1=" " ind2="7">
    <subfield code="a">Valores</subfield>
    <subfield code="x">Estudio y ense&#xF1;anza</subfield>
    <subfield code="z">Rep&#xFA;blica Dominicana</subfield>
    <subfield code="z"> Consuelo (San Pedro de Macor&#xED;s)</subfield>
    <subfield code="x">Historia </subfield>
    <subfield code="9">88381</subfield>
  </datafield>
  <datafield tag="650" ind1=" " ind2="7">
    <subfield code="a">Escolas p&#xFA;blicas</subfield>
    <subfield code="z">Rep&#xFA;blica Dominicana</subfield>
    <subfield code="z">Consuelo (San Pedro de Macor&#xED;s) </subfield>
    <subfield code="x">Historia </subfield>
    <subfield code="9">88382</subfield>
  </datafield>
  <datafield tag="700" ind1="1" ind2=" ">
    <subfield code="a">Tavares, Juan Tom&#xE1;s,</subfield>
    <subfield code="e">prologuista</subfield>
    <subfield code="9">45546</subfield>
    <subfield code="4">pr.</subfield>
  </datafield>
  <datafield tag="700" ind1="1" ind2=" ">
    <subfield code="a">M&#xE1;rmol, Jos&#xE9;,</subfield>
    <subfield code="d">1960-</subfield>
    <subfield code="e">presentador</subfield>
    <subfield code="9">6454</subfield>
    <subfield code="4">pr.</subfield>
  </datafield>
  <datafield tag="710" ind1="2" ind2=" ">
    <subfield code="a">Acci&#xF3;n Empresarial por la Educaci&#xF3;n EDUCA</subfield>
    <subfield code="9">84069</subfield>
  </datafield>
  <datafield tag="910" ind1=" " ind2=" ">
    <subfield code="a">LP.Validado. Control de calidad MFF</subfield>
  </datafield>
  <datafield tag="942" ind1=" " ind2=" ">
    <subfield code="2">ddc</subfield>
    <subfield code="c">LBS1</subfield>
  </datafield>
  <datafield tag="952" ind1=" " ind2=" ">
    <subfield code="0">0</subfield>
    <subfield code="1">0</subfield>
    <subfield code="2">ddc</subfield>
    <subfield code="5">6</subfield>
    <subfield code="7">0</subfield>
    <subfield code="8">DS</subfield>
    <subfield code="a">BNPHU</subfield>
    <subfield code="b">BNPHU</subfield>
    <subfield code="c">HD</subfield>
    <subfield code="d">2019-03-29</subfield>
    <subfield code="e">Dep&#xF3;sito Legal</subfield>
    <subfield code="l">0</subfield>
    <subfield code="o">BNPHU DS 370.114 E48m</subfield>
    <subfield code="p">48544-30</subfield>
    <subfield code="r">2020-06-25</subfield>
    <subfield code="t">v.1, e.3</subfield>
    <subfield code="w">2020-06-25</subfield>
    <subfield code="y">LBS1</subfield>
    <subfield code="Z">Pr&#xE9;stamo en sala</subfield>
  </datafield>
  <datafield tag="952" ind1=" " ind2=" ">
    <subfield code="0">0</subfield>
    <subfield code="1">0</subfield>
    <subfield code="2">ddc</subfield>
    <subfield code="5">6</subfield>
    <subfield code="7">0</subfield>
    <subfield code="8">DS</subfield>
    <subfield code="a">BNPHU</subfield>
    <subfield code="b">BNPHU</subfield>
    <subfield code="c">HD</subfield>
    <subfield code="d">2019-04-01</subfield>
    <subfield code="e">Donado por Amigo del Hogar</subfield>
    <subfield code="l">0</subfield>
    <subfield code="o">BNPHU DS 370.114 E48m</subfield>
    <subfield code="p">48544-40</subfield>
    <subfield code="r">2020-06-25</subfield>
    <subfield code="t">v.1, e.4</subfield>
    <subfield code="w">2020-06-25</subfield>
    <subfield code="y">LBS1</subfield>
    <subfield code="Z">Pr&#xE9;stamo en sala</subfield>
  </datafield>
  <datafield tag="952" ind1=" " ind2=" ">
    <subfield code="0">0</subfield>
    <subfield code="1">0</subfield>
    <subfield code="2">ddc</subfield>
    <subfield code="5">6</subfield>
    <subfield code="7">0</subfield>
    <subfield code="8">DS</subfield>
    <subfield code="a">BNPHU</subfield>
    <subfield code="b">BNPHU</subfield>
    <subfield code="c">HD</subfield>
    <subfield code="d">2019-04-01</subfield>
    <subfield code="e">Donado por Amigo del Hogar</subfield>
    <subfield code="l">0</subfield>
    <subfield code="o">BNPHU DS 370.114 E48m</subfield>
    <subfield code="p">48544-50</subfield>
    <subfield code="r">2020-06-25</subfield>
    <subfield code="t">v.1, e.5</subfield>
    <subfield code="w">2020-06-25</subfield>
    <subfield code="y">LBS1</subfield>
    <subfield code="Z">Pr&#xE9;stamo en sala</subfield>
  </datafield>
  <datafield tag="952" ind1=" " ind2=" ">
    <subfield code="0">0</subfield>
    <subfield code="1">0</subfield>
    <subfield code="2">ddc</subfield>
    <subfield code="5">1</subfield>
    <subfield code="7">0</subfield>
    <subfield code="8">PD</subfield>
    <subfield code="a">BNPHU</subfield>
    <subfield code="b">BNPHU</subfield>
    <subfield code="c">HD</subfield>
    <subfield code="d">2019-03-29</subfield>
    <subfield code="e">Dep&#xF3;sito Legal</subfield>
    <subfield code="l">0</subfield>
    <subfield code="o">BNPHU PD 370.114 E48m</subfield>
    <subfield code="p">48544-10</subfield>
    <subfield code="r">2020-06-25</subfield>
    <subfield code="t">v.1</subfield>
    <subfield code="w">2020-06-25</subfield>
    <subfield code="y">LBS1</subfield>
    <subfield code="Z">No se presta</subfield>
  </datafield>
  <datafield tag="952" ind1=" " ind2=" ">
    <subfield code="0">0</subfield>
    <subfield code="1">0</subfield>
    <subfield code="2">ddc</subfield>
    <subfield code="5">1</subfield>
    <subfield code="7">0</subfield>
    <subfield code="8">PD</subfield>
    <subfield code="a">BNPHU</subfield>
    <subfield code="b">BNPHU</subfield>
    <subfield code="c">HD</subfield>
    <subfield code="d">2019-03-29</subfield>
    <subfield code="e">Dep&#xF3;sito Legal</subfield>
    <subfield code="l">0</subfield>
    <subfield code="o">BNPHU PD 370.114 E48m</subfield>
    <subfield code="p">48544-20</subfield>
    <subfield code="r">2020-06-25</subfield>
    <subfield code="t">v.1, e.2</subfield>
    <subfield code="w">2020-06-25</subfield>
    <subfield code="y">LBS1</subfield>
    <subfield code="Z">No se presta</subfield>
  </datafield>
  <datafield tag="952" ind1=" " ind2=" ">
    <subfield code="0">0</subfield>
    <subfield code="1">0</subfield>
    <subfield code="2">ddc</subfield>
    <subfield code="5">1</subfield>
    <subfield code="7">0</subfield>
    <subfield code="8">PD</subfield>
    <subfield code="a">BNPHU</subfield>
    <subfield code="b">BNPHU</subfield>
    <subfield code="c">HD</subfield>
    <subfield code="d">2025-03-20</subfield>
    <subfield code="e">Dep&#xF3;sito Legal</subfield>
    <subfield code="l">0</subfield>
    <subfield code="o">BNPHU PD 370.114 E48m</subfield>
    <subfield code="p">2025-6639</subfield>
    <subfield code="r">2025-07-16</subfield>
    <subfield code="t">v.2</subfield>
    <subfield code="w">2025-07-16</subfield>
    <subfield code="y">LBS1</subfield>
  </datafield>
  <datafield tag="952" ind1=" " ind2=" ">
    <subfield code="0">0</subfield>
    <subfield code="1">0</subfield>
    <subfield code="2">ddc</subfield>
    <subfield code="5">1</subfield>
    <subfield code="7">0</subfield>
    <subfield code="8">PD</subfield>
    <subfield code="a">BNPHU</subfield>
    <subfield code="b">BNPHU</subfield>
    <subfield code="c">HD</subfield>
    <subfield code="d">2025-03-20</subfield>
    <subfield code="e">Dep&#xF3;sito Legal</subfield>
    <subfield code="l">0</subfield>
    <subfield code="o">BNPHU PD 370.114 E48m</subfield>
    <subfield code="p">2025-6640</subfield>
    <subfield code="r">2025-07-16</subfield>
    <subfield code="t">v.2, e.2</subfield>
    <subfield code="w">2025-07-16</subfield>
    <subfield code="y">LBS1</subfield>
  </datafield>
  <datafield tag="952" ind1=" " ind2=" ">
    <subfield code="0">0</subfield>
    <subfield code="1">0</subfield>
    <subfield code="2">ddc</subfield>
    <subfield code="5">6</subfield>
    <subfield code="7">0</subfield>
    <subfield code="8">DS</subfield>
    <subfield code="a">BNPHU</subfield>
    <subfield code="b">BNPHU</subfield>
    <subfield code="c">HD</subfield>
    <subfield code="d">2025-03-20</subfield>
    <subfield code="e">Dep&#xF3;sito Legal</subfield>
    <subfield code="l">0</subfield>
    <subfield code="o">BNPHU PD 370.114 E48m</subfield>
    <subfield code="p">2025-6641</subfield>
    <subfield code="r">2025-07-16</subfield>
    <subfield code="t">v.2, e.3</subfield>
    <subfield code="w">2025-07-16</subfield>
    <subfield code="y">LBS1</subfield>
  </datafield>
  <datafield tag="999" ind1=" " ind2=" ">
    <subfield code="c">48032</subfield>
    <subfield code="d">48032</subfield>
  </datafield>
</record>
